000 00745cam a2200253 i 4500
001 17454038
005 20180215030712.0
008 120906s2014 ohua b 001 0 eng
010 _a 2012948791
020 _a9781133627494 (paperback)
020 _a1133627498 (paperback)
040 _aDLC
_beng
_cDLC
_erda
041 _aeng
042 _apcc
080 _a338
082 _2338 GRI
100 1 _a53
101 _aMNG
245 1 0 _aFundamentals of management /
_cRicky W. Griffin, Texas A&M University.
504 _aIncludes bibliographical references and indexes.
906 _a7
_bcbc
_corignew
_d3
_eepcn
_f20
_gy-gencatlg
942 _2ddc
_cBK
999 _c42541
_d42541